000 00516nam a22001697a 4500
005 20250416143156.0
008 250415b |||||||| |||| 00| 0 eng d
020 _a9781647287054
041 _aeng
082 _a658.055 WAL
100 _aWalken Candy
245 _aBig Data Analytics : A Practical Guide
260 _aUSA
_bWillford Press
_c2025
300 _a206;. pages; 23 cm
650 _aManagement Statistical Methods; Management Data Processing; Big Data; Data Mining; Database Management
942 _cBK
999 _c43618
_d43618